Normal view
MARC view
- The Civil War
Entry Topical Term
001 - CONTROL NUMBER
- control field: 108980
003 - CONTROL NUMBER IDENTIFIER
- control field: NUST
005 - DATE AND TIME OF LATEST TRANSACTION
- control field: 20230213115546.0
008 - FIXED-LENGTH DATA ELEMENTS
- fixed length control field: 230213|| aca||aabn | a|a d
040 ## - CATALOGING SOURCE
- Original cataloging agency: NUST
- Transcribing agency: NUST
150 ## - HEADING--TOPICAL TERM
- Topical term or geographic name entry element: The Civil War
670 ## - SOURCE DATA FOUND
- Source citation: Work cat.: (NUST)187506: Henderson.F.R 108979, The Civil War:
